000 00269nam a2200121 i 4500
001 bg
245 0 _aZ zagadnień analizy termicznej (IV).
260 _aWrocław,
_c1979.
040 _cBPK
041 _apol
942 _cKS
008 s pl f |000 0 pol
999 _c18866
_d18866
856 _uhttp://koha.tu.koszalin.pl/cgi-bin/koha/opac-detail.pl?biblionumber=18866
_yKatalog online BPK